15 największych miejscowości powiatu radzyńskiego - Statystyki

Ogólne statystyki
  • Ten quiz został rozwiązany 38 razy
  • Średni wynik to 6 z 15
Statystyki odpowiedzi
liczba mieszkańców miejscowość % Poprawnych
15 508 Radzyń Podlaski
97%
2 345 Kąkolewnica
66%
2 000 Wohyń
59%
1 318 Biała
52%
1 443 Czemierniki
48%
1 187 Komarówka Podlaska
48%
723 Białka
38%
1 179 Turów
38%
1 700 Suchowola
28%
1 203 Brzozowica Duża
24%
927 Wola Osowińska
21%
847 Polskowola
17%
1 193 Bezwola
10%
751 Krasew
10%
759 Bełcząc
7%
Nie znaleziono quizów pasujących do podanych kryteriów
Rozkład punktacji
Procent ludzi z każdym wynikiem
Percentyl według liczby udzielonych odpowiedzi
Twoja historia wyników
Nie rozwiązałeś tego quizu